Soil Manual for the Design of Asphalt Pavement Structures (Record no. 1593)

000 -LEADER
fixed length control field 00304 a2200097 4500
082 ## - DEWEY DECIMAL CLASSIFICATION NUMBER
Classification number 625.852 ASP
245 ## - TITLE STATEMENT
Title Soil Manual for the Design of Asphalt Pavement Structures
Statement of responsibility, etc. Asphalt Institute
250 ## - EDITION STATEMENT
Edition statement 5th ed
260 ## - PUBLICATION, DISTRIBUTION, ETC.
Place of publication, distribution, etc. USA :
Name of publisher, distributor, etc. Asphalt institute,
Date of publication, distribution, etc. 1993
300 ## - PHYSICAL DESCRIPTION
Extent x, 259p. :
Other physical details ill. ;
Dimensions 25 cm
650 ## - SUBJECT ADDED ENTRY--TOPICAL TERM
Topical term or geographic name entry element Asphalt Pavement Structures
Holdings
Withdrawn status Lost status Damaged status Not for loan Permanent Location Current Location Shelving location Date acquired Total Checkouts Full call number Barcode Date last seen Date last checked out Price effective from Koha item type
        School of Civil and Environmental Engineering (SCEE) School of Civil and Environmental Engineering (SCEE)     1 625.852 ASP NIT-62 12/04/2023 11/06/2023 01/05/2017 Book
        School of Civil and Environmental Engineering (SCEE) School of Civil and Environmental Engineering (SCEE)         NIT-61 01/05/2017   01/05/2017 Book
© 2023 Central Library, National University of Sciences and Technology. All Rights Reserved.